000 01146nam a22003377a 4500
003 CHAP
005 20220329141718.0
008 971013s1972 r 00010 d
010 _a72647
011 _a73619
035 _a83177
040 _cCHAP
082 _a338.17315
_bC3
100 0 0 _aCancian, Frank.
_918307
245 _aChange and uncertainty in a peasant economy
_b: the Maya corn farmers of Zinacantan
260 _aStanford, Cal. :
_bStanford University,
_c1972
300 _a208 p.
_b: ilus.
590 _aBATCH-UPD
_b10
_c20130110
_lUCH01
_h0450
590 _aBATCH-UPD
_b10
_c20130410
_lUCH01
_h0127
590 _aBATCH-UPD
_b10
_c20130410
_lUCH01
_h1551
590 _aBATCH-UPD
_b10
_c20130914
_lUCH01
_h0036
590 _aCONVERSION
_b10
_c20130109
_lUCH01
_h1340
650 1 4 _aAgricultura
_xAspectos economicos
_xChiapas.
_91224
650 1 4 _aAgricultura
_xChiapas.
_91355
650 1 4 _aMaíz
_xAspectos económicos
_xChiapas.
_970866
650 1 4 _aMaíz
_xMercadeo.
_971007
650 1 4 _aMaíz
_zChiapas.
_971091
901 _aBK
942 _cLIBRO
949 _a338.17315 C3
_bBC
_cLIBRO
_d33724000112579
_eLIBRO
_h29955
_i83177
_si
_t119.25
999 _c72647
_d72647